Portafolio : (Registro nro. 8627)

Detalles MARC
000 -LEADER
longitud fija campo de control 01526nab a22002657a 4500
003 - IDENTIFICADOR DE NUMERO DE CONTROL
control del campo AR-RoUNA
040 ## - ORIGEN DE LA CATALOGACION
Agencia que cataloga la obra original AR-RoUNA
Idioma en que se cataloga spa
041 ## - CODIGO DE IDIOMA
Codigo de idioma del texto / sonido o titulo separado spa
Codigo de idioma de la traduccion original y / o intermedios de texto spa
044 ## - CODIGO DE PAIS / ENTIDAD PRODUCTORA
Codigo MARC del pais ag
110 1# - ASIENTO PRINCIPAL - AUTOR INSTITUCIONAL
Unidad subordinada Universidad del Zulia. Venezuela
9 (RLIN) 28
Nombre corporativo o de jurisdiccion como elemento de entrada Facultad de Arquitectura y Diseño
245 1# - TITULO PROPIAMENTE DICHO
Titulo Portafolio :
Subtitulo Revista Arbitrada por la Facultad de Arquitectura y Diseño. Universidad del Zulia
Medio Nº 23
260 ## - EDITORIAL - PUBLICACION, DISTRIBUCION, ETC. (Pie de imprenta)
Lugar de publicacion, distribucion, etc Venezuela, Universidad del Zulia :
Nombre del editor, distribuidor, etc Francisco Mustieles,
Fecha de publicacion 2000
300 ## - DESCRIPCION FISICA
Extension 77 p. :
Otros detalles fisicos dib.,
-- fot. byn.,
-- plantas,
Dimensiones 27x21 cm
505 ## - NOTA DE CONTENIDO CON FORMATO
Título principal Hugo Rincon / EDITORIAL. p.4-5
Título Lesvia Perez, Carolina Faria, Maryelvira Montiel, Joanna Medina, Rafael Segovia / Indicadores y Descriptores de la Creatividad como Competencia en la Formacion del Arquitecto. p.6-17
-- Nurys Zambrano / Estrategia Didactica del Diseño Grafico para organizar Wficazmente el Mensaje Visual en lod Medios. p.18-31
-- Dobrila Djukich, Sunilda Zabala, Maria Ines Mendoza / El Anuncio en el Paisaje Tipografico Urbano. p.32-41
-- Leriz Camacaro, Martza Rodriguez, Nelly Caldera, Janet Cestary / Perfil del Visitante de Negocios y/o Motivos Profesionales en Maracaibo. Segmento a Partir del Estudio Sobre la Demanda Turistica. p.42-5355
650 ## - MATERIA - TERMINO TEMATICO
Fuente del encabezamiento Arquitectura
650 ## - MATERIA - TERMINO TEMATICO
Fuente del encabezamiento Arte
650 ## - MATERIA - TERMINO TEMATICO
Fuente del encabezamiento Diseño Grafico
650 ## - MATERIA - TERMINO TEMATICO
Fuente del encabezamiento Turismo
773 0# - ENTRADA DEL ITEM MAYOR
Entrada principal PortaFolio
Lugar, editorial y fecha de la publicación Venezuela, Universidad del Zulia, 2000
Vol. - nro. (mes-año), pág. vol 1 Nº 23 (ene-jun 2011) p.77
ISSN 1317-2085
856 ## - LOCALIZACION ELECTRONICA Y ACCESO
Identificador uniforme de recursos <a href="www.fad.luz.edu.ve/portafolio/">www.fad.luz.edu.ve/portafolio/</a>
908 ## - SOPORTE
Soporte Imp
942 ## - FUENTE DE CLASIFICACION
Clasificacion Universal Decimal Classification
Tipo de item Analítica
945 ## - INFORMACION DE PROCESAMIENTO
Codigo del operador ZBK
Existencias
Estado retiro Estado perdido Sistema de clasificacion Estado general Restricciones de uso Biblioteca de origen Ubicacion actual Localizacion en estante Fecha de adquisicion Fuente de adquisicion Prestamos totales Numero de inventario (BARCODE) Fecha ultima visto Numero de ejemplar Fecha del precio de reemplazo Tipo de elemento KOHA Número de Kardex
Disponible Disponible udc No dañado Acceso Restringido Arq. Hilarión H. Larguia Arq. Hilarión H. Larguia Heme 27/07/2018 Int   1000751 27/07/2018 ej. 1 27/07/2018 Analítica 241